Jeevithsmaranakal Part I (Record no. 16197)

MARC details
000 -LEADER
fixed length control field 00448nam a2200145Ia 4500
008 - FIXED-LENGTH DATA ELEMENTS--GENERAL INFORMATION
fixed length control field 211109s9999||||xx |||||||||||||| ||und||
082 ## - DEWEY DECIMAL CLASSIFICATION NUMBER
Classification number 894.8122
Item number KRI-J
100 ## - MAIN ENTRY--PERSONAL NAME
Personal name Krishna Pillai, E V
245 #0 - TITLE STATEMENT
Title Jeevithsmaranakal Part I
260 ## - PUBLICATION, DISTRIBUTION, ETC.
Name of publisher, distributor, etc. Un Known
Place of publication, distribution, etc. Bangalore
Date of publication, distribution, etc. 1948
300 ## - PHYSICAL DESCRIPTION
Extent 340p.
630 ## - SUBJECT ADDED ENTRY--UNIFORM TITLE
General subdivision General Stack
650 ## - SUBJECT ADDED ENTRY--TOPICAL TERM
Topical term or geographic name entry element Literature & rhetoric
942 ## - ADDED ENTRY ELEMENTS (KOHA)
Koha item type BOOK
650 ## - SUBJECT ADDED ENTRY--TOPICAL TERM
Form subdivision Literatures of other languagesMalayalam literatureMalayalam Drama
General subdivision Generalia
Holdings
Withdrawn status Lost status Damaged status Not for loan Home library Current library Date acquired Cost, normal purchase price Total Checkouts Full call number Barcode Shelving location Date last seen Price effective from Koha item type
        SB LIBRARY SB LIBRARY 09/11/2021 100.00   894.8122 KRI-J 00016821 GENERAL STACK 09/11/2021 09/11/2021 BOOK

Powered by Koha